000 00640nam a2200241Ia 4500
003 OSt
005 20220918174529.0
006 a|||||r|||| 00| 0
007 ta
008 220917b |||||||| |||| 00| 0 eng d
024 _a12,741
037 _cTextual
040 _aARTS
_cARTS
_beng
041 _2eng
_aeng
082 _a/\2yM72:g(R5), M7
100 _aJusta H R
_950851
245 0 _aAesthetic vision of Sri Aurobindo
260 _aDelhi
_bR K Books
_c1987
300 _avi,192p. Bibliography
_ccm.
650 _aSPIRITUALISM
942 _h/\2yM72:g(R5), M7
_cTEXL
_2CC
999 _c153594
_d153594